000 00713nam a22002057a 4500
999 _c7984
_d7984
003 AR-CdUCM
008 190321b ||||| |||| 00| 0 spa d
020 _a84-314-0078-1
040 _aMUNICIPALIDAD PROVINCIAL DEL CUSCO
_cBIBLIOTECA MUNICIPAL DEL CUSCO
082 _a546 /
_bB23
100 _aBarnard, A. K.
_922560
245 _aQuímica inorgánica /
260 _aEspaña :
_bUrmo,
_c1978.
300 _a377 paginas ;
_c24 cm.
505 _aContenido :Sistemas atómicos -- Fuerzas no electrostáticas de valencia -- Química nuclear -- Principios físicos de la química inorgánica ...
650 _aQuímica inorgánica
_922210
650 _aFísica pura
_920428
942 _2ddc
_cLIBROS
945 _arum